1333 1558 1639 1204 1271 1446 1675 1442 1225 1483 1179 1437 1805 1639 1028 1329 1369 1666 1645 1474 1426 1777 1631 1323 1707 1243 1348 1077 1450 1620 1818 1839 1837 1195 1376 1398 1589 1904 1395 1076 1032 1989 1001 1534 1783 1929 1102 1788 1273 1421 1653 1451 1996 1462 1581 1493 1860 1994 1547 1312 1681 1930 1008 1722 1701 1931 1964 1595 1738 1350 1596 1932 1324 1316 1453 1201 1869 1917 1849 1159 1783 1903 1473 1706 1554 1529 1900 1606 1386 1095 1550 1974 1428 1296 1528 1826 1545 1057 1225 BCNSPRNW ULIB Ver.6.0+V

เปลี่ยนเป็นภาษาไทย

Change to English
 แสดงรายละเอียดบรรณานุกรม
  กลับหน้าหลัก

Brief Record : Get Marc (ISO 2709) : E-mail record : QR code < ปิดหน้าต่าง
LEADER : 00000nam 2200000uu 4500
001    13399128056
003     ULIB
008    220202s||||||||th 000 0 tha d
020    ^a9786169307495
050    ^aนว.^bภ-ม
100    ^aภัสรสา
245    ^aมนตร์อัคคี
250    ^aพิมพ์ครั้งที่ 1
260    ^aกรุงเทพฯ :^bภัสรสา, บจก.,^c2563
300    ^a302 หน้า;^b21 ซม.
650    ^aนวนิยาย
945    ^p295^l0^i29201
999    ^aกัณชพร จุลอักษร
รายการนี้ยังไม่มีแท็ก
คุณยังไม่ได้ล็อกอิน คุณสามารถมีกิจกรรมร่วมกับเว็บไซต์ได้ แต่ต้องล็อกอินก่อน ::
  ล็อกอิน

รายการสื่อสารสนเทศ

ลำดับที่ ประเภท เลขเรียก/บาร์โค้ด สถานที่ สถานะ
1. วิทยาศาสตร์การแพทย์ และสุขภาพ
วิทยาศาสตร์การแพทย์ และสุขภาพ
นว. ภ-ม ฉ.1 
  Barcode: 29201
ห้องสมุดวิทยาเขตนครสวรรค์
►นวนิยาย:l:Fiction
บนชั้น

รายการใกล้เคียง
    ชื่อเรื่อง [มนตร์อัคคี]

    ผู้แต่ง [ภัสรสา]

    หัวเรื่อง [นวนิยาย]

BibComment


ยังไม่เคยถูกคอมเมนท์

คอมเมนท์ทรัพยากรรายการนี้
  คอมเมนท์: มนตร์อัคคี


 Copyright 2026. Bcnsprnw @Library